Visual Typing Challenge Quiz Stats

 Plays Quiz Updated Oct 11, 2016

Also try: Speed Jumble
Challenge
Share
Tweet
Score 0/10 Timer 01:00
6 Plays Today
Words % Correct
MOON
97.1%
EXIT
95.8%
SONG
94.7%
PURE
92.5%
JAIL
92.1%
WILD
88.5%
LIFE
84.6%
AREA
83.4%
ZERO
80.4%
CARP
71.3%

You're not logged in!

Compare scores with friends on all Sporcle quizzes.
Join for Free
OR
Log In

You Might Also Like...

Show Comments

Extras

Top Quizzes Today


Score Distribution

Your Account Isn't Verified!

In order to create a playlist on Sporcle, you need to verify the email address you used during registration. Go to your Sporcle Settings to finish the process.

Report this User

Report this user for behavior that violates our Community Guidelines.

Details: